01272nac a22003011i 4500003000900000005001700009008004100026020001500067040004300082082002100125245020400146264005600350300004700406336002600453337002800479338002700507490004400534504004100578650004400619650004600663655001700709700003300726700002500759700004000784942001200824999001500836952011900851EG-ScBUE20250601092229.0250312s1979 nyua f b 100 0 eng d a088318155X aEG-ScBUEbengerdacEG-ScBUEdEG-ScBUE04a523.112bPAR22200aParticle acceleration mechanisms in astrophysics, La Jolla Institute-1979 /ceditors, Jon Arons and Christopher McKee, University of California at Berkeley, Claire Max, Lawrence Livermore Laboratory. 1aNew York : bAmerican Institute of Physics, c1979. aviii, 433 pages :billustrations ;c25 cm. 2rdacontentatextbtxt aunmediated2rdamediabn avolumebnc2rdacarrier0 aAIP conference proceedings ;vnumber 56 aIncludes bibliographical references. 7aInterstellar matterxCongresses.2BUEsh 7aParticle accelerationxCongresses.2BUEsh vReading book1 aMax, Claire,c1946-eeditor.1 aArons, Jon,eeditor.1 aMcKee, Christopher,d1942-eeditor. cBB2ddc c3498d3498 00102ddc40708BaccahaMAINbMAINc1STd2007-04-22ePurchasel0o523.112 PARp000030223r2025-07-15 00:00:00yBB